| 000 | 00525nam a22001937a 4500 | ||
|---|---|---|---|
| 003 | OSt | ||
| 005 | 20160711133632.0 | ||
| 008 | 160711b xxu||||| |||| 00| 0 eng d | ||
| 020 | _a0074715860 | ||
| 040 | _c040a | ||
| 082 |
_aQY 4 _bA71g 2006 |
||
| 245 |
_aAbnormal laboratory results / _cGeoffrey Kellerman |
||
| 260 |
_aSydney _bMcGraw-Hill _c2006 |
||
| 300 |
_axvii, 302p; _bill : _c10 cm. |
||
| 504 | _aIncludes index | ||
| 650 |
_aLaboratory results _910080 |
||
| 700 |
_aKellerman, Geoffrey _910081 |
||
| 942 |
_2z _cO_SHELF |
||
| 999 |
_c4686 _d4686 |
||